Index of spectra (Record no. 805)

MARC details
000 -LEADER
fixed length control field 00584nam a2200181Ia 4500
003 - CONTROL NUMBER IDENTIFIER
control field IN-BaIIA
008 - FIXED-LENGTH DATA ELEMENTS--GENERAL INFORMATION
fixed length control field 211028s9999 xx 000 0 eng d
040 ## - CATALOGING SOURCE
Transcribing agency IIA Library
080 ## - UNIVERSAL DECIMAL CLASSIFICATION NUMBER
Universal Decimal Classification number 535.33
Item number WAT
100 ## - MAIN ENTRY--PERSONAL NAME
Personal name Watts, Marshall W.
9 (RLIN) 1734
245 #0 - TITLE STATEMENT
Title Index of spectra
Remainder of title with an introduction on the measuring and mapping spectra
Statement of responsibility, etc. Marshall W. Watts
260 ## - PUBLICATION, DISTRIBUTION, ETC.
Place of publication, distribution, etc. Manchester
Name of publisher, distributor, etc. Abell Heywood
Date of publication, distribution, etc. 1889
300 ## - PHYSICAL DESCRIPTION
Extent xii, 232p.
650 ## - SUBJECT ADDED ENTRY--TOPICAL TERM
Topical term or geographic name entry element Spectra
9 (RLIN) 1735
650 ## - SUBJECT ADDED ENTRY--TOPICAL TERM
Topical term or geographic name entry element Spectral Indices
9 (RLIN) 1736
650 ## - SUBJECT ADDED ENTRY--TOPICAL TERM
Topical term or geographic name entry element Spectroscopic Analysis
9 (RLIN) 1737
942 ## - ADDED ENTRY ELEMENTS (KOHA)
Koha item type Books
Holdings
Withdrawn status Lost status Damaged status Not for loan Home library Current library Shelving location Date acquired Total Checkouts Full call number Barcode Date last seen Price effective from Koha item type
        IIA Library-Bangalore IIA Library-Bangalore General Stacks     535.33/WAT 831 05/11/2021   Books

Powered by Koha